AMALAN RAWATAN HERBA : (Record no. 204393)
[ view plain ]
| 000 -LEADER | |
|---|---|
| fixed length control field | 01093nam a2200313 i 4500 |
| 005 - DATE AND TIME OF LATEST TRANSACTION | |
| control field | 20260622122547.0 |
| 008 - FIXED-LENGTH DATA ELEMENTS--GENERAL INFORMATION | |
| fixed length control field | 260521t20242024my bo gr a001 0dmay d |
| 020 ## - INTERNATIONAL STANDARD BOOK NUMBER | |
| International Standard Book Number | 9789835221231 |
| Terms of availability | RM60.00 |
| Qualifying information | paperback |
| 040 ## - CATALOGING SOURCE | |
| Original cataloging agency | PPAK |
| Language of cataloging | eng |
| Transcribing agency | PPAK |
| Description conventions | rda |
| 082 04 - DEWEY DECIMAL CLASSIFICATION NUMBER | |
| Edition number | 23 |
| Classification number | 615.321 |
| 090 00 - LOCALLY ASSIGNED LC-TYPE CALL NUMBER (OCLC); LOCAL CALL NUMBER (RLIN) | |
| Classification number (OCLC) (R) ; Classification number, CALL (RLIN) (NR) | 615.321 |
| Feature heading | PAN |
| Feature heading | G |
| 100 1# - MAIN ENTRY--PERSONAL NAME | |
| Personal name | Panjaitan, Ruqiah Ganda Putri, |
| Relator term | author. |
| 245 10 - TITLE STATEMENT | |
| Title | AMALAN RAWATAN HERBA : |
| Remainder of title | ANTI HIPERTENSI / |
| Statement of responsibility, etc. | RUQIAH GANDA PUTRI PANJAITAN, YOUVA KRISTI, BUDI IRAWAN, LIZA MD SALLEH |
| 264 #1 - PRODUCTION, PUBLICATION, DISTRIBUTION, MANUFACTURE, AND COPYRIGHT NOTICE | |
| Place of production, publication, distribution, manufacture | Johor Bahru, Johor : |
| Name of producer, publisher, distributor, manufacturer | PENERBIT UTM PRESS, |
| Date of production, publication, distribution, manufacture, or copyright notice | 2024 |
| Date of production, publication, distribution, manufacture, or copyright notice | ©2024 |
| 300 ## - PHYSICAL DESCRIPTION | |
| Extent | viii, 80 pages : |
| Other physical details | maps, photographs ; |
| 336 ## - CONTENT TYPE | |
| Content type term | text |
| Source | rdacontent |
| 337 ## - MEDIA TYPE | |
| Media type term | unmediated |
| Source | rdamedia |
| 338 ## - CARRIER TYPE | |
| Carrier type term | volume |
| Source | rdacarrier |
| 500 ## - GENERAL NOTE | |
| General note | Includes index. |
| 504 ## - BIBLIOGRAPHY, ETC. NOTE | |
| Bibliography, etc. note | Bibliography: pages [69]-80. |
| 650 10 - SUBJECT ADDED ENTRY--TOPICAL TERM | |
| Topical term or geographic name entry element | Herbs |
| General subdivision | Therapeutic use. |
| Topical term or geographic name entry element | Medicinal plants. |
| Topical term or geographic name entry element | Government publications |
| Form subdivision | Malaysia. |
| 700 1# - ADDED ENTRY--PERSONAL NAME | |
| Personal name | Kristi, Youva, |
| Relator term | author. |
| Personal name | Budi Irawan, |
| Relator term | author. |
| Personal name | Liza Md Salleh, |
| Relator term | author. |
| 942 ## - ADDED ENTRY ELEMENTS (KOHA) | |
| Source of classification or shelving scheme | Dewey Decimal Classification |
| Koha item type | Book |
No items available.